000 00828nam a2200241 i 4500
001 81756
003 ES-MaACL
005 20230906174515.0
007 t|
008 041105s1958 sp |||| | spa d
100 1 _aHuxley, Julian.
_964859
245 1 3 _aEl proceso de toda evolución biológica /
_ccompilación de Julian Huxley, A.C. Hardy, E.B. Ford ; traducción del inglés por Faustino Cordón.
260 _aMadrid :
_bRevista de Occidente,
_c[1958] (
_fClavileño)
300 _a462 p. ;
_c22 cm.
490 1 _aBiblioteca Ibys de ciencia biológica
650 4 _aEvolución.
_912625
700 1 _aHardy, A. C.
_961826
700 1 _aFord, E. B.
_951698
700 1 _aCordón, Faustino.
_940557
830 1 _aBiblioteca Ibys de ciencia biológica
_9181969
852 _aES-MaACL
_jC-14594
999 _c81756
_d81756